000
00351nam a2200133Ia 4500
008
231129s9999||||xx |||||||||||||| ||spa||
020
_a
970-10-0552-X
040
_b
spa
082
_a
R 621.38132 M346p
100
_a
Markus John
245
0
_a
Proyectos electrónicos
264
_a
McGraw-Hill
942
_2
ddc
_c
BKS
999
_c
23426
_d
23426